Quick Pick: 'Return of the Jedi' Characters Quiz Stats

 Plays Quiz Updated Sep 2, 2017

Challenge
Share
Tweet
Embed
Score 0/15 Timer 01:30
1 Play Today
% Correct
C-3PO
96.5%
Han Solo
96%
Chewbacca
95.8%
Darth Vader
95.5%
Luke Skywalker
94.4%
R2-D2
94.1%
Princess Leia
93.8%
Jabba the Hutt
90.7%
% Correct
Emperor Palpatine
90.2%
Admiral Ackbar
89.8%
Yoda
88.6%
Lando Calrissian
88.4%
Boba Fett
87.1%
Wicket
56.9%
Nien Nunb
41.3%

Today's Daily Dose

You're not logged in!

Compare scores with friends on all Sporcle quizzes.
OR
Log In

You Might Also Like...

Show Comments

Extras

Top Quizzes Today


Score Distribution

Your Account Isn't Verified!

In order to create a playlist on Sporcle, you need to verify the email address you used during registration. Go to your Sporcle Settings to finish the process.

Report this User

Report this user for behavior that violates our Community Guidelines.

Details: